01101nab a22002177a 4500999001500000003000400015005001700019008004100036040000700077100003200084245008000116260007200196300001200268505021500280505010700495505008900602650002300691650003200714773012400746942001300870 c6079d6079OSt20260121184526.0190502c xxu||||| |||| 00| 0 spa d cPJ 96856aGrbavac, Hernán D. 1 aPrincipio de legalidad y “juicios de la verdad” /cHernán D. Grbavac. aCiudad Autónoma de Buenos Aires :bThomson Reuters La Ley,c2024. ap. 3-12 aSumario: I. Introducción.— II. El “juicio de la verdad”.— III. El principio de legalidad y la aplicación de la ley penal más benigna: sus alcances en el derecho argentino.— IV. Bibliografía.  aFallo comentado: CFCasación Penal, sala II, 22/05/2023. - T., H. L. y otro s/ recurso de casación. t¿Te interesa el texto completo? Solicitalo al correo: koha@justierradelfuego.gov.ar 09343aDERECHO PENAL 094830aLEY PENAL MAS BENIGNA0 0272993180dBuenos Aires : LexisNexis, 2006-tRevista de derecho penal y procesal penal. Nº 5 - Mayo 2024z9875920622 2udccANA